000 00425nam a2200181Ia 4500
005 20250603145757.0
008 250603s9999 xx 000 0 und d
020 _a9781788342113
050 _aHD 38.5 .L52/
100 _aYi Li
245 0 _aStrategies for supply chain risk management
260 _aNew York
260 _bRoutledge
260 _c2023
300 _a141p.: ill.
650 _aNew York
942 _cBK
999 _c42824
_d42824